Southville International School and Colleges
Your cart is empty.
  • Cart
  • Lists
    Public lists Eva Luna New books Lux_list list_1
    Your lists Log in to create your own lists
  • Log in to your account
  • Your cookies
  • Search history
Southville International School and Colleges
  • Advanced search
  • Recent comments
  • Most popular
  • Libraries

Log in to your account

Log in with GOOGLE


If you do not have an external account, but do have a local account, you can still log in:

  1. Home
  2. MARC view: Write idea! /
Normal view MARC view ISBD view

Write idea! / (Record no. 339844)

[ view plain ]
MARC details
000 -LEADER
fixed length control field 00907nam a2200313Ia 4500
008 - FIXED-LENGTH DATA ELEMENTS--GENERAL INFORMATION
fixed length control field 170711s9999 xx 000 0 und d
020 ## - INTERNATIONAL STANDARD BOOK NUMBER
International Standard Book Number 22438092
050 ## - LIBRARY OF CONGRESS CALL NUMBER
Classification number 808
050 ## - LIBRARY OF CONGRESS CALL NUMBER
Item number B798 1993
100 ## - MAIN ENTRY--PERSONAL NAME
Personal name Bradbury, Ray
245 ## - TITLE STATEMENT
Title Write idea! /
245 ## - TITLE STATEMENT
Statement of responsibility, etc by Ray Bradbury, Elaine Mei Aoki, James Flood and James V. Hoffman.
260 ## - PUBLICATION, DISTRIBUTION, ETC. (IMPRINT)
Place of publication, distribution, etc USA :
260 ## - PUBLICATION, DISTRIBUTION, ETC. (IMPRINT)
Name of publisher, distributor, etc McMillan,
260 ## - PUBLICATION, DISTRIBUTION, ETC. (IMPRINT)
Date of publication, distribution, etc 1993
300 ## - PHYSICAL DESCRIPTION
Extent xxii, 420 pages :
300 ## - PHYSICAL DESCRIPTION
Other physical details colored illustrations ;
300 ## - PHYSICAL DESCRIPTION
Dimensions 28cm.
500 ## - GENERAL NOTE
General note Includes glossary, bibliographic reference and index.
650 ## - SUBJECT ADDED ENTRY--TOPICAL TERM
Topical term or geographic name as entry element English language --
650 ## - SUBJECT ADDED ENTRY--TOPICAL TERM
Topical term or geographic name as entry element Language arts (Elementary).
650 ## - SUBJECT ADDED ENTRY--TOPICAL TERM
Topical term or geographic name as entry element Reading (Elementary) --
650 ## - SUBJECT ADDED ENTRY--TOPICAL TERM
General subdivision Grammar -- Study and teaching (Elementary).
650 ## - SUBJECT ADDED ENTRY--TOPICAL TERM
General subdivision Language experience approach.
700 ## - ADDED ENTRY--PERSONAL NAME
Personal name Aoki, Elaine Mei.
700 ## - ADDED ENTRY--PERSONAL NAME
Personal name Flood, James.
700 ## - ADDED ENTRY--PERSONAL NAME
Personal name Hoffman, James V.
700 ## - ADDED ENTRY--PERSONAL NAME
Personal name Title.

No items available.

Write idea! /

APA

Bradbury R., Aoki E. M., Flood J., Hoffman J. V. & Title.Write idea!. USA: .

Chicago

Bradbury Ray, Aoki Elaine Mei, Flood James, Hoffman James V and Title.Write idea!. USA: .

Harvard

Bradbury R., Aoki E. M., Flood J., Hoffman J. V. and Title.Write idea!. USA: .

MLA

Bradbury Ray, Aoki Elaine Mei, Flood James, Hoffman James V and Title.USA: . .

  • Print
  • Cite
  • Add to your cart (remove)
  • Save record
    BIBTEX Dublin Core MARCXML MARC (non-Unicode/MARC-8) MARC (Unicode/UTF-8) MARC (Unicode/UTF-8, Standard) MODS (XML) RIS
  • More searches
    Search for this title in:
    Other Libraries (WorldCat) Other Databases (Google Scholar) Online Stores (Bookfinder.com) Open Library (openlibrary.org)

Exporting to Dublin Core...

SOUTHVILLE LIBRARY

Southville International School and Colleges Library

1281 Tropical Ave. Cor. Luxembourg St., BF Homes International, Las Pinas City

Tel. No. 8256374 / 252358 Loc. 117/146

Powered by Koha